[Event "BEL-ch U16"]
[Site "Blankenberge"]
[Date "2015.04.15"]
[Round "6"]
[White "Ingelaere, Arthur"]
[Black "Kreczman, Savinien"]
[Result "0-1"]
[WhiteElo "1706"]
[BlackElo "1519"]
[PlyCount "40"]
[EventDate "2015.04.12"]
[EventType "swiss"]
[EventRounds "9"]
[EventCountry "BEL"]
[SourceTitle "CBM 166 Extra"]
[Source "ChessBase"]
[SourceDate "2015.06.18"]
[SourceVersion "1"]
[SourceVersionDate "2015.06.18"]
[SourceQuality "1"]

1. c4 c5 2. Nc3 Nc6 3. g3 g6 4. Bg2 Bg7 5. Nf3 d6 6. 0-0 Nf6 7. d4 cxd4 8. Nxd4 Bd7 9. Nb3 b6 10. Bg5 Ng4 11. Bd2 Nge5 12. Nd4 Nxd4 13. Bxa8 Qxa8 14. b3 Bh3 15. Nd5 Qb7 16. Re1 e6 17. f3 exd5 18. Bc3 Ndc6 19. f4 d4 20. e4 Bg4 0-1

[Event "BEL-ch U16"]
[Site "Blankenberge"]
[Date "2014.04.14"]
[Round "2"]
[White "Koetters, Marcel"]
[Black "Ingelaere, Arthur"]
[Result "1/2-1/2"]
[WhiteElo "1231"]
[BlackElo "1645"]
[PlyCount "41"]
[EventDate "2014.04.??"]
[EventType "swiss"]
[EventRounds "9"]
[EventCountry "BEL"]
[SourceTitle "EXT 2015"]
[Source "ChessBase"]
[SourceDate "2014.11.20"]
[SourceVersion "1"]
[SourceVersionDate "2014.11.20"]
[SourceQuality "1"]

1. e4 c5 2. Nf3 Nc6 3. d4 cxd4 4. Nxd4 g6 5. Nc3 Bg7 6. Be3 Nf6 7. Bc4 0-0 8. Bb3 a6 9. f3 e6 10. Qd2 d5 11. exd5 Nxd5 12. Nxd5 exd5 13. 0-0 Qd6 14. Nxc6 bxc6 15. Bd4 Be5 16. f4 Bxd4+ 17. Qxd4 Be6 18. Rad1 Rab8 19. Qf6 Qd8 20. Qxd8 Rfxd8 21. c3 1/2-1/2

[Event "Brasschaat op 12th"]
[Site "Brasschaat"]
[Date "2012.08.22"]
[Round "5"]
[White "Fuerstenberg, Tom"]
[Black "Ingelaere, Arthur"]
[Result "1-0"]
[WhiteElo "1826"]
[BlackElo "1611"]
[PlyCount "61"]
[EventDate "2012.08.18"]
[EventType "swiss"]
[EventRounds "9"]
[EventCountry "BEL"]
[SourceTitle "EXT 2017"]
[Source "ChessBase"]
[SourceDate "2016.10.25"]
[SourceVersion "1"]
[SourceVersionDate "2016.10.25"]
[SourceQuality "1"]

1. d4 Nf6 2. c4 g6 3. Nc3 Bg7 4. e4 d6 5. g3 0-0 6. Bg2 c5 7. Nge2 Nc6 8. f4 Nxd4 9. Nxd4 cxd4 10. Qxd4 Ng4 11. Qd2 Qb6 12. Nd5 Qd8 13. h3 Nf6 14. 0-0 Nxd5 15. cxd5 Qb6+ 16. Kh2 f5 17. Re1 e5 18. dxe6 Bxe6 19. exf5 Bxf5 20. Re7 Rab8 21. Qd5+ Kh8 22. Be3 Qxb2 23. Rd1 Rfe8 24. Qxd6 Qxa2 25. g4 Be6 26. Rxg7 Kxg7 27. Bd4+ Kg8 28. Qe5 Re7 29. Qxb8+ Kf7 30. Qe5 Bd5 31. Qxd5+ 1-0

[Event "Maastricht Limburg op-C 5th"]
[Site "Maastricht"]
[Date "2011.06.12"]
[Round "5"]
[White "Van der Werff, Silvia"]
[Black "Ingelaere, Arthur"]
[Result "1-0"]
[WhiteElo "1416"]
[BlackElo "1342"]
[PlyCount "119"]
[EventDate "2011.06.10"]
[EventType "swiss"]
[EventRounds "7"]
[EventCountry "NED"]
[SourceTitle "EXT 2012"]
[Source "ChessBase"]
[SourceDate "2011.11.24"]
[SourceVersion "1"]
[SourceVersionDate "2011.11.24"]
[SourceQuality "1"]

1. e4 c5 2. Nf3 Nc6 3. d4 cxd4 4. Nxd4 g6 5. Nc3 Bg7 6. Be3 Nf6 7. f3 0-0 8. Bc4 e6 9. Qd2 d5 10. exd5 exd5 11. Bb3 Nxd4 12. Bxd4 Re8+ 13. Ne2 a5 14. Ba4 Bd7 15. Bxd7 Qxd7 16. 0-0 Qb5 17. Nc3 Qc6 18. Rad1 Rad8 19. Rfe1 b5 20. Bxf6 Rxe1+ 21. Rxe1 Bxf6 22. Rd1 Bxc3 23. Qxc3 Qxc3 24. bxc3 f5 25. Kf2 Kf7 26. Ke3 Ke6 27. Kd4 Rc8 28. Re1+ Kd6 29. g3 Rc4+ 30. Kd3 Rc8 31. f4 h6 32. Re2 b4 33. cxb4 axb4 34. Re1 Ra8 35. Ra1 Ra3+ 36. Kd4 Rf3 37. Rb1 Rf2 38. Rxb4 Rxc2 39. a3 Kc6 40. h4 Rf2 41. Rb8 Rf3 42. Rc8+ Kd7 43. Rc3 Rf1 44. Kxd5 Rd1+ 45. Kc4 Ke6 46. Re3+ Kf6 47. a4 Ra1 48. Kb4 Rb1+ 49. Rb3 Rd1 50. a5 Rd4+ 51. Kc5 Ra4 52. Rb6+ Kf7 53. a6 Ra1 54. Rb7+ Ke6 55. a7 Rc1+ 56. Kb6 Kd6 57. a8Q Rb1+ 58. Ka7 Ra1+ 59. Kb8 Rxa8+ 60. Kxa8 1-0